Lí luận văn học

Đã lưu trong:
書目詳細資料
主要作者: Phương Lựu
格式: 圖書
語言:Undetermined
出版: Hà Nội Giáo dục 1986
主題:
標簽: 添加標簽
沒有標簽, 成為第一個標記此記錄!
Thư viện lưu trữ: Trung tâm Học liệu Trường Đại học Cần Thơ
LEADER 00595nam a2200193Ia 4500
001 CTU_46501
008 210402s9999 xx 000 0 und d
082 |a 801.95 
082 |b L300/T1 
100 |a Phương Lựu 
245 0 |a Lí luận văn học 
245 0 |c Phương Lựu, Lê Ngọc Trà, Trần Đình Sử 
260 |a Hà Nội 
260 |b Giáo dục 
260 |c 1986 
526 |a Nguyên lý lý luận văn học 
526 |b SP513 
650 |a literature - history and criticism 
980 |a Trung tâm Học liệu Trường Đại học Cần Thơ